Central Library OPAC University of Rajshahi
Normal view MARC view

Entry Topical Term

Number of records used in: 2

001 - CONTROL NUMBER

  • control field: 1390

003 - CONTROL NUMBER IDENTIFIER

  • control field: BD-RjUL

005 - DATE AND TIME OF LATEST TRANSACTION

  • control field: 20220216111113.0

008 - FIXED-LENGTH DATA ELEMENTS

  • fixed length control field: 220216|| aca||aabn | a|a d

040 ## - CATALOGING SOURCE

  • Original cataloging agency: BD-RjUL
  • Transcribing agency: BD-RjUL

150 ## - HEADING--TOPICAL TERM

  • Topical term or geographic name entry element: Mamelukes

670 ## - SOURCE DATA FOUND

  • Source citation: Work cat.: (BD-RjUL)79398: مقريزى، أحمد ابن علي.;; Maqrīzī, Aḥmad ibn ʿAlī, 1364-1442. 1389, كتاب السلوك لمعرفة دول الملوك / ;; Kitāb al-Sulūk li-maʿrifat duwal al-mulūk /, 1934-1972